000 00331nam a2200133 i 4500
001 bg
100 1 _aMAKAREWICZ, Rufin
245 0 _aPodstawy teoretyczne akustyki urbanistycznej /
_cRufin Makarewicz.
260 _aWarszawa,
_c1984.
040 _cBPK
041 _apol
942 _cKS
008 s pl f |000 0 pol
999 _c22410
_d22410
856 _uhttp://koha.tu.koszalin.pl/cgi-bin/koha/opac-detail.pl?biblionumber=22410
_yKatalog online BPK